000 01297nam a2200229Ia 4500
001 L100-51440
003 IT-CnALBA
008 170116s9999||||xx |||||||||||||| ||und||
040 _aIT-CnALBA
_cIT-CnALBA
041 _aITALIANO
100 _aPAJARDI PIETRO
245 0 _aPER UN MONDO NUOVO. RICERCHE E RIFLESSIONI DI UN MAGISTRATO CATTOLICO SUL PENSIERO GIURIDICO DEL VATICANO II.
250 _a1a ed.
260 _aMILANO
_bPROPAGANDA LIBR. ISTITUTO, IPL.
_c1991 [1° Ed.:1991 - Ed.Ling.Originale: 1991]
300 _a250 p.
500 _aPRESENTAZIONE DI BIFFI G. PREMESSA. ABORTO. ADOZIONE. ALIMENTAZIONE. AMORE. ASSISTENZA. ASSOCIAZIONE. ATTIVITÀ UMANA. ATTIVITÀ CIVILE BENE COMUNE. CITTÀ. COMUNITÀ POLITICA. COSCIENZA MORALE E GIURIDICA. DIRITTO POSITIVO E NATURALE. ECONOMIA E PROGRESSO UM
501 _aSocietà San Paolo EM - Piazza San Paolo, 14 - 12051 ALBA (CN) (non commercial uses only) ® Copyright 2017
520 _aPRESENTAZIONE DI BIFFI G. PREMESSA. ABORTO. ADOZIONE. ALIMENTAZIONE. AMORE. ASSISTENZA. ASSOCIAZIONE. ATTIVITÀ UMANA. ATTIVITÀ CIVILE BENE COMUNE. CITTÀ. COMUNITÀ POLITICA. COSCIENZA MORALE E GIURIDICA. DIRITTO POSITIVO E NATURALE. ECONOMIA E PROGRESSO UM
650 _aFILOSOFIA E DISCIPLINE COLLEGATE
942 _cBK
957 _71
999 _a63073
_bNO
_g Copie: 1
_c310316
_d310316